01434nam a22003494a 4500001001200000003000800012006001900020007001500039008004100054010001700095020001500112040002100127035002100148050002600169082001700195100002800212245011900240260005000359300002600409490007500435504006800510533015200578650001600730650002700746650002400773655002900797700002200826710001700848830007600865856012600941999001701067ebr10067284CaPaEBRm u cr cn|||||||||020312s2002 maua sb 001 0 eng  z 2002016229 z1402070519 aCaPaEBRcCaPaEBR a(OCoLC)61472364014aHD69.T54bD454 2002eb04a658.4/042211 aDemeulemeester, Erik L.10aProject schedulingh[electronic resource] :ba research handbook /cby Erik L. Demeulemeester, Willy S. Herroelen. aBoston :bKluwer Academic Publishers,cc2002. axxiii, 685 p. :bill.1 aInternational series in operations research & management science ;v49 aIncludes bibliographical references (p. [641]-666) and indexes. aElectronic reproduction.bPalo Alto, Calif. :cebrary,d2013.nAvailable via World Wide Web.nAccess may be limited to ebrary affiliated libraries. 0aScheduling. 0aProduction scheduling. 0aProject management. 7aElectronic books.2local1 aHerroelen, Willy.2 aebrary, Inc. 0aInternational series in operations research & management science ;v49.40uhttp://site.ebrary.com/lib/rucke/Doc?id=10067284zAn electronic book accessible through the World Wide Web; click to view c49034d49034